000 00520nam a2200181Ia 4500
003 GCL
008 140319s9999 xx 000 0 eng d
040 _aGCL /
_cGCL
082 0 4 _a330.9033
_bB C
100 1 _aBRAUDEL, FERNAND
245 1 0 _aCIVILISATION MATERIELLE ECONOMIE ET CAPITALISME XV-XVIII SIECLE /
_cBRAUDEL, FERNAND
260 _a[S.N] :
_bARMQND COLIN ،
_c1979
650 0 4 _aCIVILIZATION
650 0 4 _aECONOMY
650 0 4 _aGOD ( ISLAM )
650 0 4 _aREPUBLICAN PARTY ( U.S - 1854 )
942 _2ddc
_cBK
999 _c24461
_d24461